000 00943nam a2200265Ia 4500
003 OSt
005 20220923212010.0
006 a|||||r|||| 00| 0
007 ta
008 220922b |||||||| |||| 00| 0 hin d
024 _a137,614
037 _cTextual
040 _aARTS
_cARTS
_bhin
041 _2hin
_ahin
082 _aY:1v, 152K9
100 _aशल्य, यशदेव
245 0 _aसंस्कृति
_b मानव कर्तृत्व की व्याख्या
246 _aSanskṛuti: mānav kartṛutva kī vyākhyā
260 _aजयपुर
_b राजस्थान विश्विद्यालय
_c1969
300 _a143पृ.
_ccm.
650 _a भारतीय संस्कृति
_9157954
650 _aभारतीय-लोक साहित्य
942 _hY:1v, 152K9
_cTEXL
_2CC
999 _c305324
_d305324